00667nam a2200133Ia 4500008004100000020001800041245015300059260002200212650003500234650012800269856004400397999001900441952007300460171212s9999 xx 000 0 und d a9781921862045 ceditor Costanza, Robert;Alperovitz, Gar;Daly, Herman;Farley, Joshua;Franco, CarolaBuilding a Sustainable and Desirable Economy-in-Society-in-Nature bANU E Pressc2013 aEcology & Evolutionary Biology aEconomic development -- Environmental aspects; Environmental policy; Natural resources; Nature -- Effect of human beings on uhttp://www.jstor.org/stable/j.ctt5hgz53 c351021d351021 001040aCLbCLd2017-12-12l0r2017-12-12 00:00:00w2017-12-12yCBE